| 000 | 00749nam a2200193Ii 4500 | ||
|---|---|---|---|
| 003 | JO-AjNU | ||
| 008 | 230605s9999||||xx |||||||||||||| ||und|| | ||
| 040 |
_aJO-AjNU _bara _erda _cJO-AjNU |
||
| 041 | _aara | ||
| 050 | 1 | 4 | _aBP176.B2 1985 |
| 100 | 3 |
_aبدران، بدران أبو العينين, _eauthor _919333 |
|
| 245 | 0 | 0 | _aالعبادات الإسلامية مقارنة على المذاهب الأربعة :الصلاة - الصوم - الزكاة - الحج |
| 264 | 3 | 1 | _aالاسكندرية: مؤسسة شباب الجامعة، 1985 |
| 300 | _a246ص | ||
| 336 |
_atext _btxt _2rdacontent |
||
| 337 |
_aunmediated _bn _2rdamedia |
||
| 338 |
_avolume _bnc _2rdacarrier |
||
| 650 | 4 |
_aالعبادات- المذاهب الاربعة _919334 |
|
| 999 |
_aA6358 _c9926 _d9926 |
||